000 00729nam a2200217Ii 4500
003 JO-AjNU
008 230605s9999||||xx |||||||||||||| ||und||
017 _a89/7096
040 _aJO-AjNU
_bara
_erda
_cJO-AjNU
041 _aara
050 1 4 _aQA76.73.B3 G6712 1984
100 3 _aجوتفريد، بايرون س,
_eauthor
_956752
245 0 0 _aسلسلة ملخصات شوم نظريات ومسائل في البرمجة بلغة البيسك
250 _aط6
264 3 1 _aالقاهرة: الدار الدولية للنشر،1984
300 _a435ص
336 _atext
_btxt
_2rdacontent
337 _aunmediated
_bn
_2rdamedia
338 _avolume
_bnc
_2rdacarrier
650 4 _aالبرامج الحاسوب
_956753
999 _aA25392
_c28960
_d28960